The postage stamps of the United States produced by the Bureau of Engraving and Printing during the years 1894 to 1900 (Record no. 2718)

000 -LEADER
fixed length control field 00640nam a22000977a 4500
008 - FIXED-LENGTH DATA ELEMENTS--GENERAL INFORMATION
fixed length control field 180416b xxu||||| |||| 00| 0 eng d
100 ## - MAIN ENTRY--AUTHOR'S NAME
Author's Name Stanley Gibbons, Inc.
245 ## - TITLE STATEMENT
Title The postage stamps of the United States produced by the Bureau of Engraving and Printing during the years 1894 to 1900
Remainder of title a complete reference list of all varieties / The postage stamps of the United States. Volume III. 1894 to 1900
260 ## - PUBLICATION, DISTRIBUTION, ETC. (IMPRINT)
Place of publication, distribution, etc. New York
Name of publisher, distributor, etc. Stanley Gibbons, Inc.
Date of publication, distribution, etc. 1948
650 ## - TOPICAL TERM (Tag)
Topical term or geographic name United States | 1894-1900 | 19th Century | Catalogs and Price Lists | Errors and Varieties | Production | Definitive Issues | Commemorative Issues | -- 1898 | Dealer Publications
Holdings
Withdrawn status Lost status Source of classification or shelving scheme Damaged status Koha normalized classification for sorting Not for loan Collection code Permanent Location Current Location Shelving location Date acquired Total Checkouts Full call number Barcode Date last seen Copy number Price effective from Public note
        G3700 P859     Northern Philatelic Library Northern Philatelic Library General Stacks 04/16/2018   G3700 P859 1005072 04/16/2018 1 04/16/2018 Vol III 15th ed 1948

Powered by Koha